[Event "1st Capablanca Memorial 2017"]
[Site "Heraklion"]
[Date "2017.04.22"]
[Round "7"]
[White "Vuelban, Virgilio"]
[Black "Taylor, Adam C"]
[Result "0-1"]
[WhiteElo "2257"]
[BlackElo "2231"]
[Annotator "ChessBase"]
[PlyCount "86"]
[EventDate "2017.??.??"]
[EventType "tourn"]
[EventCountry "GRE"]
[SourceTitle "playchess.com"]
[Source "ChessBase"]
[SourceQuality "1"]
[TimeControl "40/5400+30:1800+30"]

1. d4 {[%emt 0:14:07]} Nf6 {[%emt 0:00:39]} 2. c4 {[%emt 0:00:10]} c5 {[%emt 0:04:30]} 3. Nf3 {[%emt 0:00:37]} cxd4 {[%emt 0:05:48]} 4. Nxd4 {[%emt 0:00:43]} e5 {[%emt 0:00:12]} 5. Nb5 {[%emt 0:00:39]} d5 {[%emt 0:00:35]} 6. cxd5 {[%emt 0:00:04]} Bc5 {[%emt 0:05:32]} 7. e3 {[%emt 0:01:22]} O-O {[%emt 0:00:37]} 8. N5c3 {[%emt 0:07:23]} e4 {[%emt 0:04:18]} 9. Be2 {[%emt 0:00:23]} Nbd7 {[%emt 0:01:25]} 10. a3 {[%emt 0:00:11]} a5 {[%emt 0:06:26]} 11. Nd2 {[%emt 0:06:20]} Re8 {[%emt 0:00:30]} 12. Qc2 {[%emt 0:17:36]} Qe7 {[%emt 0:01:00]} 13. d6 {[%emt 0:07:56]} Bxd6 {[%emt 0:02:54]} 14. Nb5 {[%emt 0:00:41]} Bb8 {[%emt 0:18:22]} 15. Nc7 {[%emt 0:00:35]} Bxc7 {[%emt 0:00:07]} 16. Qxc7 {[%emt 0:00:07]} Nc5 {[%emt 0:00:19]} 17. Qg3 {[%emt 0:04:33]} Nd3+ {[%emt 0:05:51]} 18. Bxd3 {[%emt 0:00:25]} Nh5 {[%emt 0:00:08]} 19. Bxe4 {[%emt 0:01:19]} Nxg3 {[%emt 0:00:09]} 20. hxg3 {[%emt 0:00:04]} h6 {[%emt 0:01:38]} 21. Bf3 {[%emt 0:00:58]} Be6 {[%emt 0:02:20]} 22. O-O {[%emt 0:00:08]} Rac8 {[%emt 0:01:18]} 23. Nb1 {[%emt 0:00:14]} Qf6 {[%emt 0:03:35]} 24. Nc3 {[%emt 0:00:12]} Red8 {[%emt 0:02:06]} 25. e4 {[%emt 0:00:51]} b5 {[%emt 0:07:22]} 26. Bf4 {[%emt 0:00:29]} b4 {[%emt 0:00:44]} 27. e5 {[%emt 0:00:17]} Qe7 {[%emt 0:02:57]} 28. Ne4 {[%emt 0:00:19]} Rc2 {[%emt 0:01:51]} 29. axb4 {[%emt 0:00:14]} Qxb4 {[%emt 0:02:04]} 30. Rfd1 {[%emt 0:01:21]} Rxd1+ {[%emt 0:01:53]} 31. Rxd1 {[%emt 0:00:09]} Rxb2 {[%emt 0:03:17]} 32. Rd8+ {[%emt 0:00:14]} Kh7 {[%emt 0:00:06]} 33. Nd6 {[%emt 0:01:48]} Qb6 {[%emt 0:10:07]} 34. Be4+ {[%emt 0:02:09]} Bf5 {[%emt 0:01:07]} 35. Nxf5 {[%emt 0:09:59]} Qxd8 {[%emt 0:00:05]} 36. Nxh6+ {[%emt 0:00:09]} g6 {[%emt 0:00:02]} 37. Nxf7 {[%emt 0:00:07]} Qd1+ {[%emt 0:00:03]} 38. Kh2 {[%emt 0:00:08]} Qh5+ {[%emt 0:00:22]} 39. Kg1 {[%emt 0:00:05]} Qd1+ {[%emt 0:00:50]} 40. Kh2 {[%emt 0:00:00]} Kg7 {[%emt 0:02:57]} 41. e6 {[%emt 0:00:24]} Qh5+ {[%emt 0:00:45]} 42. Kg1 {[%emt 0:00:06]} Re2 {[%emt 0:00:52]} 43. g4 {[%emt 0:00:21]} Re1# {[%emt 0:34:17]} 0-1

[Event "1st Capablanca Memorial 2017"]
[Site "Heraklion"]
[Date "2017.04.22"]
[Round "7"]
[White "Anagnostopoulos, Konstantinos"]
[Black "Vanheirzeele, Daniel"]
[Result "1-0"]
[WhiteElo "2201"]
[BlackElo "2146"]
[Annotator "NA"]
[PlyCount "47"]
[EventDate "2017.??.??"]
[EventType "tourn"]
[EventCountry "GRE"]
[SourceTitle "playchess.com"]
[Source "ChessBase"]
[SourceQuality "1"]
[TimeControl "40/5400+30:1800+30"]

{[%evp 12,46,-62,-62,32767,32767,2,24,56,58,69,33,62,32767,32767,32767,32767,32767,32767,32767,32767,32767,32767,32767,32767,32767,89,32767,85,73,229,211,265,32767,32767,303,375]} 1. d4 {[%emt 0:00:59]} Nf6 {[%emt 0:00:15]} 2. c4 {[%emt 0:00:18]} e6 {[%emt 0:00:31]} 3. Nc3 {[%emt 0:00:07]} Bb4 {[%emt 0:00:04]} 4. e3 {[%emt 0:00:12]} b6 {[%emt 0:01:15]} 5. Bd3 {[%emt 0:01:14]} Bb7 {[%emt 0:00:13]} 6. Nge2 {[%emt 0:00:38]} Bxg2 {[%emt 0:04:56]} 7. Rg1 {[%emt 0:00:14]} Be4 {[%emt 0:00:36]} 8. a3 {[%emt 0:00:30]} Bxd3 {[%emt 0:11:28]} 9. Qxd3 {[%emt 0:00:04]} Bf8 {[%emt 0:00:05] E43: Nimzo-Indian: Rubinstein: 4...b6} 10. e4 {[%emt 0:00:31]} d6 {[%emt 0:01:22] LiveBook: 5 Games} 11. f4 {[%emt 0:03:19]} (11. Bg5 Nbd7 12. O-O-O h6 13. Qh3 Rg8 14. Be3 e5 15. f4 Qe7 16. Nb5 O-O-O 17. Nxa7+ Kb7 18. Nb5 exf4 19. Nxf4 Qxe4 20. Nc3 Qc6 21. d5 {1-0 (21) Werle,J (2591)-Schebler,G (2453) Antwerp 2008}) 11... e5 {[%emt 0:14:30]} 12. dxe5 $146 {[%emt 0:10:53]} (12. Be3 Nbd7 13. O-O-O exd4 14. Bxd4 Nc5 15. Bxc5 bxc5 16. e5 Nd7 17. Qe4 dxe5 18. Rxd7 Kxd7 {1-0 (35) Harakis,A (2159)-Ferretti,F (2287) Rome 2004}) 12... dxe5 {[%emt 0:02:51]} 13. Qxd8+ {[%emt 0:03:25]} Kxd8 {[%emt 0:00:30]} 14. fxe5 {[%emt 0:00:30]} Nfd7 {[%emt 0:00:30]} 15. e6 {[%emt 0:00:30]} fxe6 {[%emt 0:00:32]} 16. Nd4 {[%emt 0:01:41]} Kc8 {[%emt 0:12:32]} 17. Nxe6 {[%emt 0:01:58]} Bd6 {[%emt 0:01:21]} 18. Rxg7 {[%emt 0:01:31]} Bxh2 {[%emt 0:15:41]} (18... Be5 $11 {remains equal.} 19. Rf7 Re8) 19. Bf4 {[%emt 0:00:39]} Bxf4 {[%emt 0:00:38]} 20. Nxf4 {[%emt 0:00:07]} Rf8 $2 {[%emt 0:05:08] [#]} (20... Ne5 $14) 21. Nfd5 $1 {[%emt 0:03:43]} Na6 {[%emt 0:08:09]} 22. b4 {[%emt 0:03:01]} c6 {[%emt 0:00:03]} 23. Ne7+ $18 {[%emt 0:01:09]} ({And not} 23. Rxh7 cxd5 24. cxd5 Nc7 $15) 23... Kc7 {[%emt 0:00:01]} 24. b5 {[%emt 0:02:24]} 1-0

[Event "1st Capablanca Memorial 2017"]
[Site "Heraklion"]
[Date "2017.04.24"]
[Round "8"]
[White "Ivanov, Mikhail M"]
[Black "Vuelban, Virgilio"]
[Result "0-1"]
[WhiteElo "2421"]
[BlackElo "2257"]
[Annotator "TA"]
[PlyCount "108"]
[EventDate "2017.??.??"]
[EventType "tourn"]
[EventCountry "GRE"]
[SourceTitle "playchess.com"]
[Source "ChessBase"]
[SourceQuality "1"]

{[%evp 15,108,18,24,2,27,25,41,4,4,15,16,9,26,18,35,22,40,25,22,21,35,23,37,0,106,118,165,165,157,158,143,25,22,12,35,31,44,44,145,71,100,91,63,74,104,60,80,79,70,33,66,33,93,28,32,22,26,31,22,13,48,34,65,8,6,-70,-70,-75,0,0,0,-69,-58,-54,-60,-139,-139,-135,-133,-133,-132,-127,-124,-123,-130,-124,-58,-83,-74,-211,-211,-484,-471,-832,-613]} 1. d4 Nf6 2. Nf3 g6 3. Nbd2 Bg7 4. e4 d6 5. Be2 O-O 6. O-O Nbd7 7. c3 e5 {B07: Pirc Defence: Miscellaneous Systems} 8. Re1 (8. dxe5 Nxe5 9. Nxe5 dxe5 10. Qc2 c6 11. Rd1 Qc7 12. Nc4 Be6 13. Be3 b6 14. a4 Ng4 15. Bd2 Rab8 16. h3 Nf6 17. Be3 Rfd8 18. b4 {1-0 (52) Kovalenko,I (2653)-Bortnyk,O (2533) Wroclaw 2014}) 8... Re8 {LiveBook: 5 Games} 9. dxe5 dxe5 {The position is equal.} 10. Qc2 Nh5 11. b4 $146 (11. Bf1 b6 12. a4 a5 13. b3 Bb7 14. Ba3 Qf6 15. Rad1 {½-½ (67) Mikadze,M (2211)-Gvetadze,S (2310) Tbilisi 2016}) 11... Nf4 12. Bf1 Nf8 13. Nc4 Qe7 14. Kh1 $36 {[%mdl 2048] White has some pressure.} h6 15. a4 Bg4 16. Nfd2 Rad8 17. Nb3 h5 18. Ne3 Bc8 19. a5 c6 (19... N8e6 $11) 20. Nc4 $1 $16 h4 21. Be3 $1 h3 22. g3 Ng2 23. Bxa7 ({Only move:} 23. Bxg2 $16 hxg2+ 24. Kxg2) 23... Nxe1 $11 24. Rxe1 Be6 25. Bb6 Ra8 26. Nc5 Bc8 (26... Nd7 $14) 27. Qd2 (27. Qe2 $142) 27... Ne6 $16 28. Bxh3 Nxc5 29. Bxc5 Qf6 30. Bg2 Bf8 31. Bb6 Be6 32. Nb2 Be7 33. Na4 Kg7 {[#]} (33... g5 $14) 34. h4 (34. f4 $1 $16) 34... g5 $11 35. Qxg5+ Qxg5 36. hxg5 Bxg5 37. Rb1 Ba2 38. Rb2 Bc4 39. Kg1 ({White should try} 39. Bf3 $1 $14) 39... Bb5 40. Ra2 (40. Nc5 $11) 40... Bd8 $1 $15 41. Bf1 Rh8 (41... Bxa4 $1 $17 42. Bxd8 Bb3) 42. Bxd8 Raxd8 43. c4 (43. Nb6 $11 Bd3 44. Bxd3 Rxd3 45. Na4) 43... Bxa4 $1 44. Rxa4 {[%mdl 4096] Endgame KRR-KRB} Rd4 45. a6 ({White should play} 45. f3 $15) 45... bxa6 $17 46. Rxa6 Rb8 47. b5 cxb5 ({And not} 47... Rxe4 48. Rxc6 (48. bxc6 Rc8 $15) 48... Re1 49. Kg2 $14) 48. cxb5 Rxe4 49. Rc6 {[#]} Rb4 $1 50. Bc4 f5 (50... Rb7 $17 {aiming for ...Rd7.} 51. Rc5 Rd7) 51. Kg2 $15 e4 52. Bf1 (52. g4 $17 {keeps fighting.}) 52... Rb2 $19 {And now ...Re8 would win.} 53. Kg1 $2 (53. b6) 53... Rd8 54. Rc5 (54. Rc1 $142 Kf6 55. Re1) 54... Rd1 0-1

[Event "1st Capablanca Memorial 2017"]
[Site "Heraklion"]
[Date "2017.04.24"]
[Round "8"]
[White "Tsakiris, Haralambos"]
[Black "Anagnostopoulos, Konstantinos"]
[Result "1-0"]
[WhiteElo "2250"]
[BlackElo "2201"]
[Annotator "ChessBase"]
[PlyCount "47"]
[EventDate "2017.??.??"]
[EventType "tourn"]
[EventCountry "GRE"]
[SourceTitle "playchess.com"]
[Source "ChessBase"]
[SourceQuality "1"]
[TimeControl "40/5400+30:1800+30"]

1. d4 {[%emt 0:00:00]} Nf6 {[%emt 0:00:07]} 2. c4 {[%emt 0:00:00]} d6 {[%emt 0:00:03]} 3. Nf3 {[%emt 0:05:31]} g6 {[%emt 0:00:06]} 4. Nc3 {[%emt 0:00:08]} Bf5 {[%emt 0:00:53]} 5. g3 {[%emt 0:08:19]} Ne4 {[%emt 0:00:08]} 6. Bd2 {[%emt 0:11:50]} Bg7 {[%emt 0:03:51]} 7. Bg2 {[%emt 0:00:13]} c5 {[%emt 0:07:36]} 8. e3 {[%emt 0:25:55]} Nc6 {[%emt 0:01:33]} 9. O-O {[%emt 0:03:01]} O-O {[%emt 0:09:39]} 10. d5 {[%emt 0:07:52]} Nxc3 {[%emt 0:06:35]} 11. Bxc3 {[%emt 0:00:33]} Bxc3 {[%emt 0:01:46]} 12. bxc3 {[%emt 0:07:19]} Na5 {[%emt 0:00:05]} 13. Qe2 {[%emt 0:00:35]} Qd7 {[%emt 0:07:28]} 14. Nd2 {[%emt 0:01:13]} Qa4 {[%emt 0:07:59]} 15. e4 {[%emt 0:00:04]} Bc8 {[%emt 0:00:05]} 16. f4 {[%emt 0:01:15]} b6 {[%emt 0:01:46]} 17. Rf2 {[%emt 0:05:43]} Ba6 {[%emt 0:06:53]} 18. Bf1 {[%emt 0:00:02]} Qc2 {[%emt 0:00:22]} 19. Qe3 {[%emt 0:01:16]} Qa4 {[%emt 0:01:25]} 20. Qd3 {[%emt 0:01:00]} Rac8 {[%emt 0:02:25]} 21. h4 {[%emt 0:01:18]} b5 {[%emt 0:00:51]} 22. h5 {[%emt 0:01:23]} Nxc4 {[%emt 0:03:48]} 23. Nxc4 {[%emt 0:00:03]} Qxc4 {[%emt 0:03:21]} 24. Qc2 {[%emt 0:00:08]} 1-0

[Event "1st Capablanca Memorial 2017"]
[Site "Heraklion"]
[Date "2017.04.24"]
[Round "8"]
[White "Taylor, Adam C"]
[Black "Balokas, Dimitrios"]
[Result "1/2-1/2"]
[WhiteElo "2231"]
[BlackElo "2184"]
[Annotator "TA"]
[PlyCount "57"]
[EventDate "2017.??.??"]
[EventType "tourn"]
[EventCountry "GRE"]
[SourceTitle "playchess.com"]
[Source "ChessBase"]
[SourceQuality "1"]

{[%evp 8,57,26,9,23,27,29,30,27,27,23,36,35,0,0,0,2,2,3,2,3,0,0,0,0,-13,0,0,0,-18,-22,-33,0,0,0,0,0,0,0,0,0,0,0,0,0,0,0,0,0,0,0,0]} 1. e4 c5 2. Nf3 e6 3. b3 a6 4. Bb2 Nc6 5. g3 d6 {B40: Sicilian: 2...e6, Unusual lines} 6. Bg2 Nf6 7. e5 dxe5 {White has an edge.} 8. Nxe5 Nxe5 9. Bxe5 Bd6 10. Bxd6 (10. Bb2 $5 {is interesting.} O-O 11. d3 Rb8 12. Nd2 b5 13. O-O) 10... Qxd6 11. O-O O-O 12. a4 $146 (12. d3 Rb8 13. Nd2 {½-½ (34) Bar,R (2425)-Rodshtein,M (2614) Israel 2008}) 12... Rb8 13. a5 Bd7 14. Na3 Bc6 15. Nc4 Qc7 16. Re1 Bxg2 17. Kxg2 Nd5 {[%cal Bf6d5,Bd5b4,Bb4c6,Bc6d4][%mdl 32]} 18. Qf3 Nb4 19. Qe4 Qc6 (19... Rbd8 $5 {looks sharper.} 20. c3 Nc6 21. d3 Rd5 22. Red1 Rfd8) 20. Qxc6 {The position is equal.} Nxc6 21. Ne5 Nd4 22. Ra4 {Nd7 is the strong threat.} Rfd8 ({Much worse is} 22... Nxc2 $6 23. Rc1 $16) 23. Rc4 Rbc8 24. Re3 Nb5 25. Rd3 Nd6 {[#] White must now prevent ...f6.} 26. Rcc3 f6 27. Nc4 Nb5 $1 {[%cal Rb5c3]} 28. Rxd8+ Rxd8 29. Re3 1/2-1/2

[Event "1st Capablanca Memorial 2017"]
[Site "Heraklion"]
[Date "2017.04.24"]
[Round "8"]
[White "Vanheirzeele, Daniel"]
[Black "Hristodoulou, Panagiotis"]
[Result "0-1"]
[WhiteElo "2146"]
[BlackElo "2278"]
[Annotator "ChessBase"]
[PlyCount "106"]
[EventDate "2017.??.??"]
[EventType "tourn"]
[EventCountry "GRE"]
[SourceTitle "playchess.com"]
[Source "ChessBase"]
[SourceQuality "1"]
[TimeControl "40/5400+30:1800+30"]

1. d4 {[%emt 0:00:00]} d5 {[%emt 0:00:18]} 2. c4 {[%emt 0:00:10]} e6 {[%emt 0:00:15]} 3. Nf3 {[%emt 0:00:12]} Nf6 {[%emt 0:00:08]} 4. g3 {[%emt 0:00:15]} dxc4 {[%emt 0:00:13]} 5. Bg2 {[%emt 0:00:19]} Bd7 {[%emt 0:00:07]} 6. Ne5 {[%emt 0:04:02]} Bc6 {[%emt 0:00:09]} 7. Nxc6 {[%emt 0:00:18]} Nxc6 {[%emt 0:00:07]} 8. O-O {[%emt 0:00:37]} Qd7 {[%emt 0:00:07]} 9. e3 {[%emt 0:12:06]} Rd8 {[%emt 0:00:09]} 10. Qa4 {[%emt 0:20:59]} Nb4 {[%emt 0:00:24]} 11. Qxd7+ {[%emt 0:00:42]} Rxd7 {[%emt 0:00:10]} 12. Na3 {[%emt 0:00:31]} c5 {[%emt 0:00:10]} 13. dxc5 {[%emt 0:10:53]} Bxc5 {[%emt 0:00:18]} 14. Nxc4 {[%emt 0:00:09]} Nd3 {[%emt 0:00:13]} 15. Bd2 {[%emt 0:04:34]} Nxb2 {[%emt 0:06:08]} 16. Nxb2 {[%emt 0:02:53]} Rxd2 {[%emt 0:00:08]} 17. Na4 {[%emt 0:00:03]} Bd6 {[%emt 0:26:35]} 18. Rfd1 {[%emt 0:07:23]} Rxd1+ {[%emt 0:04:45]} 19. Rxd1 {[%emt 0:00:05]} Ke7 {[%emt 0:00:08]} 20. Bxb7 {[%emt 0:00:07]} Rb8 {[%emt 0:01:35]} 21. Bf3 {[%emt 0:00:40]} g5 {[%emt 0:05:31]} 22. h3 {[%emt 0:05:06]} h5 {[%emt 0:00:22]} 23. Nc3 {[%emt 0:04:26]} g4 {[%emt 0:08:45]} 24. hxg4 {[%emt 0:01:57]} hxg4 {[%emt 0:00:03]} 25. Bg2 {[%emt 0:00:16]} Rb2 {[%emt 0:00:31]} 26. Rb1 {[%emt 0:06:18]} Rxb1+ {[%emt 0:06:21]} 27. Nxb1 {[%emt 0:00:11]} Bb4 {[%emt 0:00:08]} 28. Kf1 {[%emt 0:00:06]} Kd6 {[%emt 0:12:19]} 29. Ke2 {[%emt 0:00:07]} Kc5 {[%emt 0:02:17]} 30. f3 {[%emt 0:06:51]} Kc4 {[%emt 0:03:16]} 31. fxg4 {[%emt 0:01:13]} Nxg4 {[%emt 0:00:20]} 32. Be4 {[%emt 0:00:39]} f5 {[%emt 0:06:41]} 33. Bc2 {[%emt 0:01:02]} Kd5 {[%emt 0:00:14]} 34. Nd2 {[%emt 0:03:00]} Bxd2 {[%emt 0:04:29]} 35. Kxd2 {[%emt 0:00:30]} Ke5 {[%emt 0:00:30]} 36. Ke2 {[%emt 0:00:51]} Nf6 {[%emt 0:01:06]} 37. Kf3 {[%emt 0:00:14]} Nd5 {[%emt 0:00:25]} 38. a3 {[%emt 0:03:21]} a5 {[%emt 0:04:55]} 39. e4 {[%emt 0:01:05]} fxe4+ {[%emt 0:08:14]} 40. Bxe4 {[%emt 0:00:00]} Nc3 {[%emt 0:00:07]} 41. Bc6 {[%emt 0:19:10]} Kd4 {[%emt 0:01:56]} 42. g4 {[%emt 0:00:07]} e5 {[%emt 0:00:11]} 43. g5 {[%emt 0:00:51]} e4+ {[%emt 0:00:07]} 44. Bxe4 {[%emt 0:09:26]} Nxe4 {[%emt 0:00:27]} 45. g6 {[%emt 0:00:03]} Ng5+ {[%emt 0:04:28]} 46. Kg4 {[%emt 0:01:07]} Ne6 {[%emt 0:00:30]} 47. Kf5 {[%emt 0:00:03]} Kd5 {[%emt 0:00:40]} 48. Kf6 {[%emt 0:00:40]} a4 {[%emt 0:00:11]} 49. Kf7 {[%emt 0:00:53]} Ng5+ {[%emt 0:07:52]} 50. Kf6 {[%emt 0:00:34]} Ne4+ {[%emt 0:00:31]} 51. Ke7 {[%emt 0:01:30]} Ng3 {[%emt 0:01:22]} 52. Kf7 {[%emt 0:01:50]} Nh5 {[%emt 0:00:17]} 53. Ke7 {[%emt 0:00:18]} Kc4 {[%emt 0:00:08]} 0-1

[Event "1st Capablanca Memorial 2017"]
[Site "Heraklion"]
[Date "2017.04.24"]
[Round "8"]
[White "Triantos, Konstantinos"]
[Black "Langrock, Hannes"]
[Result "0-1"]
[WhiteElo "2051"]
[BlackElo "2387"]
[Annotator "ChessBase"]
[PlyCount "114"]
[EventDate "2017.??.??"]
[EventType "tourn"]
[EventCountry "GRE"]
[SourceTitle "playchess.com"]
[Source "ChessBase"]
[SourceQuality "1"]
[TimeControl "40/5400+30:1800+30"]

1. e4 {[%emt 0:00:00]} e6 {[%emt 0:01:23]} 2. d4 {[%emt 0:00:01]} d5 {[%emt 0:00:06]} 3. e5 {[%emt 0:00:05]} c5 {[%emt 0:00:10]} 4. c3 {[%emt 0:00:05]} Qb6 {[%emt 0:00:11]} 5. Nf3 {[%emt 0:00:08]} Nc6 {[%emt 0:00:09]} 6. a3 {[%emt 0:00:08]} Nh6 {[%emt 0:00:18]} 7. b4 {[%emt 0:00:13]} cxd4 {[%emt 0:00:13]} 8. Bxh6 {[%emt 0:00:30]} gxh6 {[%emt 0:00:19]} 9. cxd4 {[%emt 0:00:19]} Bd7 {[%emt 0:00:49]} 10. Ra2 {[%emt 0:00:37]} Rg8 {[%emt 0:01:57]} 11. h3 {[%emt 0:03:12]} Be7 {[%emt 0:03:22]} 12. g3 {[%emt 0:16:32]} f6 {[%emt 0:15:30]} 13. Bd3 {[%emt 0:37:44]} fxe5 {[%emt 0:06:10]} 14. Nxe5 {[%emt 0:03:10]} Nxe5 {[%emt 0:10:28]} 15. dxe5 {[%emt 0:00:07]} O-O-O {[%emt 0:00:20]} 16. Nc3 {[%emt 0:11:19]} Kb8 {[%emt 0:13:14]} 17. Qe2 {[%emt 0:01:44]} Rc8 {[%emt 0:05:59]} 18. Rc2 {[%emt 0:03:28]} a5 {[%emt 0:01:09]} 19. Na2 {[%emt 0:04:28]} Rxc2 {[%emt 0:06:33]} 20. Bxc2 {[%emt 0:02:40]} Qd4 {[%emt 0:14:59]} 21. Kf1 {[%emt 0:04:43]} Qb2 {[%emt 0:05:10]} 22. Bxh7 {[%emt 0:03:21]} Qxe2+ {[%emt 0:01:25]} 23. Kxe2 {[%emt 0:00:04]} Rg5 {[%emt 0:00:52]} 24. Kd2 {[%emt 0:03:03]} Bb5 {[%emt 0:03:41]} 25. Re1 {[%emt 0:01:23]} Bc4 {[%emt 0:00:16]} 26. Bb1 {[%emt 0:02:47]} Bxa2 {[%emt 0:00:36]} 27. Bxa2 {[%emt 0:00:12]} axb4 {[%emt 0:00:04]} 28. Re3 {[%emt 0:00:50]} bxa3 {[%emt 0:00:35]} 29. f4 {[%emt 0:00:06]} Rg8 {[%emt 0:01:12]} 30. g4 {[%emt 0:01:05]} b5 {[%emt 0:06:32]} 31. Kd3 {[%emt 0:00:35]} Kc7 {[%emt 0:01:00]} 32. Re2 {[%emt 0:00:45]} Kc6 {[%emt 0:01:01]} 33. f5 {[%emt 0:00:32]} Bc5 {[%emt 0:00:17]} 34. Kc2 {[%emt 0:00:30]} Bd4 {[%emt 0:00:15]} 35. Kd3 {[%emt 0:00:18]} Bb2 {[%emt 0:00:24]} 36. fxe6 {[%emt 0:00:12]} b4 {[%emt 0:00:50]} 37. Rc2+ {[%emt 0:00:27]} Bc3 {[%emt 0:00:04]} 38. Rf2 {[%emt 0:00:30]} Bxe5 {[%emt 0:00:15]} 39. Rf5 {[%emt 0:00:27]} Kd6 {[%emt 0:00:40]} 40. Rh5 {[%emt 0:00:00]} Rh8 {[%emt 0:01:08]} 41. e7 {[%emt 0:03:43]} Bg7 {[%emt 0:05:30]} 42. Rxd5+ {[%emt 0:09:36]} Kxe7 {[%emt 0:00:30]} 43. Kc4 {[%emt 0:00:30]} Bc3 {[%emt 0:01:00]} 44. Rf5 {[%emt 0:00:21]} Rd8 {[%emt 0:02:17]} 45. Rf2 {[%emt 0:00:30]} Rd4+ {[%emt 0:01:22]} 46. Kb3 {[%emt 0:05:04]} Rd3 {[%emt 0:00:45]} 47. Re2+ {[%emt 0:00:11]} Kd6 {[%emt 0:02:27]} 48. h4 {[%emt 0:04:22]} Rh3 {[%emt 0:02:08]} 49. g5 {[%emt 0:00:51]} h5 {[%emt 0:03:56]} 50. Bb1 {[%emt 0:09:33]} Rxh4 {[%emt 0:01:35]} 51. g6 {[%emt 0:00:57]} Rg4 {[%emt 0:03:15]} 52. Rh2 {[%emt 0:00:42]} h4 {[%emt 0:01:55]} 53. Bf5 {[%emt 0:00:19]} Rg3 {[%emt 0:02:33]} 54. Ka2 {[%emt 0:00:23]} Kc5 {[%emt 0:00:33]} 55. Bc2 {[%emt 0:01:37]} h3 {[%emt 0:02:17]} 56. Kb3 {[%emt 0:00:28]} Be5+ {[%emt 0:01:43]} 57. Ka4 {[%emt 0:00:30]} a2 {[%emt 0:00:30]} 0-1

[Event "1st Capablanca Memorial 2017"]
[Site "Heraklion"]
[Date "2017.04.24"]
[Round "9"]
[White "Langrock, Hannes"]
[Black "Vanheirzeele, Daniel"]
[Result "1-0"]
[WhiteElo "2387"]
[BlackElo "2146"]
[Annotator "TA"]
[PlyCount "26"]
[EventDate "2017.??.??"]
[EventType "tourn"]
[EventCountry "GRE"]
[SourceTitle "playchess.com"]
[Source "ChessBase"]
[SourceQuality "1"]

{[%evp 0,1,20,4]} 1. b3 {[%mdl 32768] Loss on Time!?} c5 $146 2. Bb2 Nc6 3. Nf3 d6 4. d4 cxd4 5. Nxd4 Nf6 6. Nxc6 bxc6 7. e3 g6 8. Be2 Bg7 9. O-O O-O 10. c4 c5 11. Bf3 Rb8 12. Nc3 Nd7 13. Qd2 Ne5 {½-½ (65) Nakamura,H (2785)-Yu,Y (2738) Caleta 2017} 1-0

[Event "1st Capablanca Memorial 2017"]
[Site "Heraklion"]
[Date "2017.04.24"]
[Round "9"]
[White "Hristodoulou, Panagiotis"]
[Black "Tsakiris, Haralambos"]
[Result "1/2-1/2"]
[WhiteElo "2278"]
[BlackElo "2250"]
[Annotator "NA RC"]
[PlyCount "83"]
[EventDate "2017.??.??"]
[EventType "tourn"]
[EventCountry "GRE"]
[SourceTitle "playchess.com"]
[Source "ChessBase"]
[SourceQuality "1"]
[TimeControl "40/5400+30:1800+30"]

{[%evp 15,83,1,12,10,17,12,32,32,35,13,30,41,48,18,32767,52,62,42,29,44,29,27,32,33,37,42,37,22,31,25,36,21,28,32767,62,32767,66,32767,32767,32767,60,48,56,32767,32767,21,46,25,33,22,24,33,27,43,33,32767,32767,32767,39,30,32767,32,35,0,32767,0,32767,0,32767,11]} 1. e4 {[%emt 0:00:00]} e5 {[%emt 0:01:30]} 2. Nf3 {[%emt 0:00:00]} Nf6 {[%emt 0:00:08]} 3. Nc3 {[%emt 0:03:20]} Bb4 {[%emt 0:00:09]} 4. Nxe5 {[%emt 0:00:31]} O-O {[%emt 0:00:33]} 5. Be2 {[%emt 0:03:44]} Re8 {[%emt 0:00:15]} 6. Nd3 {[%emt 0:00:08]} Bxc3 {[%emt 0:00:06]} 7. dxc3 {[%emt 0:00:12]} Nxe4 {[%emt 0:00:08]} 8. O-O {[%emt 0:03:02]} d6 {[%emt 0:02:41]} 9. Nf4 {[%emt 0:04:03]} Nd7 {[%emt 0:03:55]} 10. c4 {[%emt 0:02:32]} Ndf6 {[%emt 0:26:33]} 11. f3 {[%emt 0:15:05] LiveBook: 6 Games} Nc5 {[%emt 0:00:06]} 12. Rf2 {[%emt 0:00:12]} b6 {[%emt 0:12:17]} 13. b3 {[%emt 0:02:04]} Qe7 {[%emt 0:08:55]} 14. Bb2 {[%emt 0:00:46]} Bb7 {[%emt 0:05:08]} 15. Bf1 {[%emt 0:01:14]} Qe3 {[%emt 0:08:26]} 16. Qd2 {[%emt 0:05:03]} Qxd2 {[%emt 0:04:31]} 17. Rxd2 {[%emt 0:01:24]} Ne6 {[%emt 0:00:30]} 18. Nd5 {[%emt 0:03:47]} Nxd5 $1 {[%emt 0:00:10]} 19. cxd5 {[%emt 0:00:07]} Nf4 {[%emt 0:00:05]} 20. c4 {[%emt 0:00:22]} a5 {[%emt 0:02:53]} 21. a3 {[%emt 0:09:24]} Re3 {[%emt 0:04:32]} 22. g3 {[%emt 0:00:45]} Ng6 {[%emt 0:00:02]} 23. Rd3 {[%emt 0:00:06]} Ree8 {[%emt 0:08:39]} 24. Kf2 {[%emt 0:01:23]} Ne5 {[%emt 0:01:23]} 25. Re3 {[%emt 0:01:00]} f6 {[%emt 0:00:39]} 26. Rae1 {[%emt 0:04:17]} Kf8 {[%emt 0:00:11]} 27. h3 {[%emt 0:00:11]} Nd7 {[%emt 0:01:29]} 28. Bd3 {[%emt 0:03:14]} Rxe3 {[%emt 0:01:31]} 29. Rxe3 {[%emt 0:00:05]} g6 {[%emt 0:00:46]} 30. a4 {[%emt 0:07:20]} Re8 {[%emt 0:00:54]} 31. f4 {[%emt 0:03:34]} Rxe3 {[%emt 0:01:37]} 32. Kxe3 {[%emt 0:00:02]} Kf7 {[%emt 0:00:11]} 33. g4 {[%emt 0:01:39]} Nc5 {[%emt 0:00:05]} 34. Bc2 {[%emt 0:00:04]} Bc8 {[%emt 0:00:20]} 35. Bc3 {[%emt 0:01:01]} Bd7 {[%emt 0:00:08]} 36. Kf3 {[%emt 0:00:17]} Be8 {[%emt 0:02:54]} 37. Bd4 {[%emt 0:00:19]} Bd7 {[%emt 0:01:51]} 38. Kg3 {[%emt 0:01:14]} Bc8 {[%emt 0:01:06]} 39. h4 {[%emt 0:01:09]} Bd7 {[%emt 0:01:05]} 40. h5 {[%emt 0:00:00]} gxh5 {[%emt 0:00:25]} 41. gxh5 {[%emt 0:04:08]} h6 {[%emt 0:03:03]} 42. Bc3 $11 {[%emt 0:08:10]} 1/2-1/2